The Queen's Fool. A Novel.

Salvato in:
Dettagli Bibliografici
Autore principale: Gregory, Philippa (Autore)
Natura: Libro
Pubblicazione: New York, USA: Touchstone Book, 2004.
Soggetti:
Tags: Aggiungi Tag
Nessun Tag, puoi essere il primo ad aggiungerne!!

MARC

LEADER 00000nam a22000007a 4500
003 CL-VaPUC
005 20250114120315.0
008 241210t2004 ||||| |||| 00| 0 eng d
999 |c 446251  |d 446249 
020 |a 0-7432-6982-9 
040 |c Pontificia Universidad Católica de Valparaíso 
082 |a 823.914 GRE 2004 
100 1 |a Gregory, Philippa   |e author  |9 894719 
245 |a The Queen's Fool.  |b A Novel. 
260 |a New York, USA:  |b Touchstone Book,  |c 2004. 
300 |a 502 páginas. 
500 |a c.1 Donación PIIE 2-12-2024 
583 |c 20241210  |k Catalogador Asistente 
600 |a Leicester, Robert Dudley  |x Literatura  |y 1532?-1588  |9 894740 
600 |a Elizabeth I,  |9 894741  |c  Reina de Inglaterra  |d 1533-1603 
600 |a María I,   |x Literatura  |9 894742  |d 1516-1558  |e Reina de Inglaterra 
651 0 |a Gran Bretaña   |9 887621  |x Historia   |x Literatura 
942 |2 ddc  |c BK 
952 |0 0  |1 0  |2 ddc  |4 0  |6 823_914000000000000_GRE_2004  |7 0  |8 A  |9 598592  |a BIBEDU  |b BIBEDU  |d 2024-12-10  |e Donación  |i 5663538  |o 823.914 GRE 2004  |p 5663538  |r 2024-12-10  |t 1  |w 2024-12-10  |y BK  |k LIT